INTRODUCTION TO NURSING (Record no. 2943)

MARC details
000 -LEADER
fixed length control field 00404nam a2200145Ia 4500
008 - FIXED-LENGTH DATA ELEMENTS--GENERAL INFORMATION
fixed length control field 220530s9999 xx 000 0 und d
082 ## - DEWEY DECIMAL CLASSIFICATION NUMBER
Classification number 617
100 ## - MAIN ENTRY--PERSONAL NAME
Personal name MAY SPENCER AND KATHERINE M TAIT
9 (RLIN) 62149
245 ## - TITLE STATEMENT
Title INTRODUCTION TO NURSING
250 ## - EDITION STATEMENT
Edition statement FIFTH
260 ## - PUBLICATION, DISTRIBUTION, ETC. (IMPRINT)
Place of publication, distribution, etc. MELBOURNE
Name of publisher, distributor, etc. BLACKWELL SCIENTIFIC PUBLICATIONS MELBOURNE
Date of publication, distribution, etc. 1981
300 ## - PHYSICAL DESCRIPTION
Extent 527
650 ## - SUBJECT ADDED ENTRY--TOPICAL TERM
Topical term or geographic name as entry element NURSING FOUNDATION
9 (RLIN) 62150
Holdings
Withdrawn status Lost status Damaged status Not for loan Home library Current library Date acquired Vendor Cost, normal purchase price Full call number Barcode Date last seen Bill Date Koha item type Original Barcode
        Sitabai Nargundkar College of Nursing Nagpur Sitabai Nargundkar College of Nursing Nagpur 27/09/2021 TEXTBOOKDONATED RATNA NIDHI CHARITABLE TRUST 50.00 617 SNCN-BK-2811 05/05/2023 31/05/2022 Donated Book 2811